|
|
|
|
| LEADER |
00000cam a2200000 a 4500 |
| 001 |
vtls010356178 |
| 003 |
SK-MaSNL |
| 005 |
20260425232901.0 |
| 007 |
ad canzn |
| 008 |
160114s2012 xo z e 01 slo |
| 015 |
|
|
|a SNBC2013
|
| 020 |
|
|
|a 9788089152216 (hrebeňová väzba)
|
| 034 |
1 |
|
|a a
|b 200000
|
| 035 |
|
|
|a 58EDAEAC-5A34-479D-9C95-F410C5F4F23F
|
| 035 |
|
|
|a urn:nbn:sk:snk-amk1mx
|
| 035 |
|
|
|a urn:nbn:sk:snk-am003x0h
|
| 040 |
|
|
|a SNK
|b slo
|c SNK
|e AACR2
|
| 041 |
0 |
|
|a slo
|a cze
|
| 043 |
|
|
|a e-xo---
|
| 044 |
|
|
|a xo
|c SK
|
| 072 |
|
7 |
|a 912
|x Mapy. Atlasy
|2 konspekt
|
| 072 |
|
7 |
|a 913(437)
|x Geografia Česka a Slovenska, reálie, cestovanie
|2 konspekt
|
| 080 |
|
|
|a 656.1
|2 2011
|
| 080 |
|
|
|a 913(437.6)
|2 2011
|
| 080 |
|
|
|a (084.4)
|2 2011
|
| 245 |
0 |
0 |
|a Autoatlas cestovného lexikónu Slovenskej republiky 2012/2013
|h kartografický dokument
|
| 246 |
1 |
1 |
|a Autoatlas des Reiselexikons der Slowakischen Republik 2012/2013
|
| 246 |
1 |
1 |
|a Road atlas of the travel guide of the Slovak republic 2012/2013
|
| 250 |
|
|
|a [1. vyd.]
|
| 255 |
|
|
|a Mierka 1:200 000
|
| 260 |
|
|
|a Bratislava
|b Astor Slovakia
|c 2012
|
| 300 |
|
|
|a 1 atlas (98 s.)
|b ca 72 fareb. máp
|c 24 cm
|
| 500 |
|
|
|a Autoatlas vydaný k Cestovnému lexikónu Slovenskej republiky 2012/2013
|
| 500 |
|
|
|a Obsahuje vysvetlivky, tabuľku vzdialeností, klad listov automapy, automapu Slovenskej republiky 1:200 000, diaľničné nálepky, zoznam hraničných priechodov, mapu Slovenskej republiky 1:2 000 000 a plány miest
|
| 504 |
|
|
|a Register sídiel
|
| 650 |
0 |
7 |
|a cestná doprava
|2 SNKPH
|9 1776
|
| 651 |
|
7 |
|a Slovensko
|2 SNKPH
|9 14231
|
| 655 |
|
7 |
|a autoatlasy
|2 SNKPH
|9 70658
|
| 655 |
|
7 |
|a atlasy pre verejnosť
|2 SNKPH
|9 314641
|
| 852 |
|
|
|a Štátna vedecká knižnica v Banskej Bystrici
|
| 919 |
|
|
|a 978-80-89152-21-6
|
| 999 |
|
|
|c 751000
|d 752930
|
| 952 |
|
|
|a SNK
|b SNK
|y PREZ
|7 0
|p 17A0993188
|o snkSC 101854/2012/2013/B
|i snk2012/9412
|8 0
|0 0
|1 0
|4 0
|d 2012-05-16
|f 1
|l 0
|r 2025-09-23 00:00:00
|w 2026-02-23
|
| 952 |
|
|
|a SNK
|b SNK
|y VYP
|7 0
|p 17A0993187
|o snkSC 101854/2012/2013/B D1
|i snk2012/9413
|8 0
|0 0
|1 0
|4 0
|d 2012-05-16
|l 0
|r 2026-02-23 23:31:26
|w 2026-02-23
|